000 00444nam a2200181Ia 4500
001 4383
005 20260306145752.0
008 260306t1990||||xx |||||||||||||| ||spa||
041 _aESP
082 _a320.985004
_bP41
100 _aAdrianzén, Alberto (ed.)
_eAUT
245 0 _aPensamiento político peruano 1930-1968
260 _c1990
300 _a410 páginas :
_c20 cm.
650 _aGEN
654 _aCDE
942 _cLIB
_dJUS
_fJUS
_2ddc
_n
999 _c4383
_d4383